| 000 | 01386aam a2200385 i 4500 | ||
|---|---|---|---|
| 001 | 68801 | ||
| 003 | Mx-PuUPA | ||
| 005 | 20241004103552.0 | ||
| 008 | 241004s2017 mx a|||gr|||| 00| h spa d | ||
| 020 | _a9786072426337 | ||
| 040 |
_aMx-PuUPA _bspa _cMx-PuUPA _dMx-PuUPA _erda |
||
| 041 | 0 | _aspa | |
| 100 | 1 |
_aVázquez-Vigo, Carmen, _d1923- _910775 _eautor |
|
| 245 | 1 | 0 |
_aGafitas / _cCarmen Vázquez-Vigo ; ilustraciones de Sofía Balzola |
| 250 | _aSegunda edición | ||
| 264 | 1 |
_aMéxico, D.F. : _bSM de Ediciones, _c2017 |
|
| 300 |
_a65 páginas : _bilustraciones ; _c19 cm |
||
| 336 |
_2rdacontent _atexto _btxt |
||
| 336 |
_2rdacontent _aimagen fija _bsti |
||
| 337 |
_2rdamedia _asin medio _bn |
||
| 338 |
_2rdacarrier _avolumen _bnc |
||
| 490 | 1 |
_aEl barco de vapor. Azul ; _v35 M |
|
| 500 | _a"Premio Lazarillo 1973 ; Premio Nacional de Literatura Infantil, España, 1992". -- Portada. | ||
| 521 | 1 | _a7 + | |
| 650 | 7 |
_2armarc _aLiteratura española |
|
| 650 | 7 |
_2armarc _aNiños _xComplejos (Psicología) |
|
| 650 | 7 |
_2armarc _aGafas _xLiteratura infantil |
|
| 650 | 7 |
_2armarc _aGafas _vNovelas, cuentos, etc. |
|
| 700 | 1 |
_aBalzola, Sofía, _eilustrador |
|
| 830 | 3 |
_aEl barco de vapor. _pAzul _x9789687791760 _v35 M |
|
| 942 |
_2ddc _cLI _h863 _iB2735 |
||
| 999 |
_c68801 _d68801 |
||